000
00264nam a22001097a 4500
020
_a
064400085
100
_a
Laura Ingalls Wilder
245
_a
These happy golden years
250
_a
First edition
260
_a
New York
_b
Harper & Brothers
_c
[1943
942
_c
BK
999
_c
264794
_d
264793